[Event "AUTO-OPEN-279"]
[Site "http://www.queenalice.com/game.php?id=72139"]
[Date "2006.5.27"]
[Round "1"]
[White "mosca"]
[Black "HenryLee"]
[Result "0-1"]
[WhiteElo "1002"]
[BlackElo "1706"]

1. d4 d5 2. Bf4 Nf6 3. e3 a6 4. a4 Nc6 5. Nf3 Bg4 6. Nbd2 e5 7. dxe5 Ne4 8. Nxe4
dxe4 9. Ng5 Bxd1 10. Rxd1 Qe7 11. Bc4 Qb4+ 12. c3 Qxc4 13. f3 exf3 14. gxf3 Qxa4
15. b3 Qxb3 16. Ne4 Be7 17. Bg5 Bxg5 18. Nxg5 Qxc3+ 19. Ke2 Nxe5 20. Ne4 Qc4+
21. Kf2 Ng4+ 22. Kg3 Nxe3 23. Rd2 O-O 24. Re1 Nf5+ 25. Kf4 Nd6 26. h4 f5 27. Kg3
fxe4 28. fxe4 Nxe4+ 29. Rxe4 Qxe4 30. Rf2 Rxf2 31. Kxf2 Rf8+ 32. Kg3 Rf3+ 33.
Kg2 Qg4+ 34. Kh2 Rh3# 0-1

[Event "AUTO-OPEN-279"]
[Site "http://www.queenalice.com/game.php?id=72140"]
[Date "2006.5.27"]
[Round "1"]
[White "HenryLee"]
[Black "mosca"]
[Result "1-0"]
[WhiteElo "1666"]
[BlackElo "998"]

1. c4 d6 2. d4 Bg4 3. Nc3 Nf6 4. h3 Bf5 5. Nf3 e5 6. Bg5 h6 7. Bxf6 gxf6 8. e3
e4 9. Nd2 Rg8 10. Ndxe4 Rg6 11. Qf3 Bxe4 12. Qxe4+ Be7 13. Be2 f5 14. Qxb7 Nd7
15. O-O Rb8 16. Qf3 Rxb2 17. Qxf5 Bh4 18. Qe4+ Re6 19. Qd3 Bg5 20. Rab1 Rxb1 21.
Qxb1 a5 22. Nd5 c6 23. Nc3 c5 24. Bg4 f5 25. Qxf5 Rf6 26. Qe4+ Qe7 27. Qxe7+
Kxe7 28. Nd5+ Kd8 29. Nxf6 Nxf6 30. Rb1 Ne4 31. Rb6 cxd4 32. exd4 Nf6 33. Rxd6+
Ke7 34. Ra6 Ne4 35. Rxa5 Bf6 36. d5 Bd4 37. Ra6 Nf6 38. Re6+ Kd7 39. Rxf6+ Ke7
40. Rxh6 Kf7 41. d6 Ke8 42. d7+ Ke7 43. Ra6 1-0

[Event "AUTO-OPEN-279"]
[Site "http://www.queenalice.com/game.php?id=72155"]
[Date "2006.5.27"]
[Round "1"]
[White "kahector"]
[Black "HenryLee"]
[Result "0-1"]
[WhiteElo "1217"]
[BlackElo "1665"]

1. d4 d5 2. Nc3 Nf6 3. Bg5 e6 4. e4 h6 5. Bh4 g5 6. Bg3 Bb4 7. a3 Bxc3+ 8. bxc3
Nxe4 9. Bd3 Nxc3 10. Qf3 Nc6 11. Ne2 Nxe2 12. Qxe2 Nxd4 13. Qe5 Nxc2+ 14. Kd2 f6
15. Bg6+ Kd7 16. Qxc7+ Qxc7 17. Bxc7 Nxa1 18. Bg3 Nb3+ 19. Ke3 b6 20. Rb1 Nc5
21. f4 Bb7 22. f5 exf5 23. Bxf5+ Ke7 24. Re1 Kf7 25. Kf2 Rhe8 26. Bg4 Rxe1 27.
Kxe1 Re8+ 28. Kd2 Ne4+ 29. Kd3 Nxg3 30. hxg3 Re4 31. Bf5 Ra4 32. g4 Rxa3+ 0-1

[Event "AUTO-OPEN-279"]
[Site "http://www.queenalice.com/game.php?id=72156"]
[Date "2006.5.27"]
[Round "1"]
[White "HenryLee"]
[Black "kahector"]
[Result "1-0"]
[WhiteElo "1665"]
[BlackElo "1217"]

1. d4 d5 2. Nf3 Bg4 3. Ne5 f5 4. Nc3 Nc6 5. Nxg4 fxg4 6. e4 e6 7. Bb5 a6 8.
Bxc6+ bxc6 9. Qxg4 Qf6 10. e5 Qg6 11. Qh3 Ne7 12. O-O Nf5 13. Ne2 Be7 14. Nf4
Qf7 15. Qc3 c5 16. dxc5 c6 17. b4 O-O 18. Bb2 Bg5 19. Nh3 d4 20. Qd3 Bh6 21.
Bxd4 Qg6 22. Qe4 Rad8 23. Rad1 Rd5 24. c3 Nxd4 25. Rxd4 Rfd8 26. Qxg6 hxg6 27.
Rfd1 Rf8 28. Rxd5 exd5 29. Rd4 Rf5 30. f4 g5 31. g3 gxf4 32. gxf4 g5 33. fxg5
1-0

[Event "AUTO-ADV-181"]
[Site "http://www.queenalice.com/game.php?id=73554"]
[Date "2006.6.1"]
[Round "1"]
[White "HenryLee"]
[Black "peace"]
[Result "1/2-1/2"]
[WhiteElo "1675"]
[BlackElo "1455"]

1. c4 Nf6 2. d4 g6 3. Nc3 Bg7 4. Nf3 O-O 5. e4 d6 6. Be2 c5 7. d5 a5 8. O-O e5
9. Bg5 h6 10. Bxf6 Qxf6 11. Qb3 Bg4 12. Qxb7 Na6 13. Qb3 Rfb8 14. Nb5 Bxf3 15.
Bxf3 Nc7 16. a4 Nxb5 17. cxb5 Qf4 18. Rfe1 Rc8 19. Rac1 h5 20. g3 Qg5 21. Rc3 h4
22. Bg2 hxg3 23. fxg3 Qd2 24. Rd1 Qg5 25. Bf1 Qg4 26. Re1 f5 27. h3 Qg5 28. h4
Qg4 29. Kh2 f4 30. Bh3 fxg3+ 31. Rxg3 Qxh4 32. Rxg6 Rf8 33. Rg2 Qf4+ 34. Qg3
Qxg3+ 35. Rxg3 Rf2+ 36. Rg2 Rxg2+ 37. Bxg2 Bf6 38. Bh3 Rf8 39. Rg1+ Kf7 40. Be6+
Ke7 41. Rg8 Rxg8 42. Bxg8 Kd8 43. Be6 Bg5 44. Kg3 c4 45. Bg4 Bd2 46. Kf2 Bc1 47.
Be2 Bxb2 48. Bxc4 Kc7 49. Kg3 Kb6 50. Kg4 Kc5 51. Be2 Kb6 52. Kf5 Kc7 53. Ke6
Ba3 54. Ke7 Bb4 55. Ke6 Bc5 56. Ke7 Kc8 57. Bg4+ Kc7 58. Bd7 Ba3 59. Bg4 Bc5 60.
Ke6 1/2-1/2

[Event "AUTO-ADV-181"]
[Site "http://www.queenalice.com/game.php?id=73555"]
[Date "2006.6.1"]
[Round "1"]
[White "peace"]
[Black "HenryLee"]
[Result "0-1"]
[WhiteElo "1445"]
[BlackElo "1666"]

1. d4 e6 2. e4 d5 3. e5 Nc6 4. Nf3 Bb4+ 5. c3 Be7 6. g3 f6 7. exf6 Nxf6 8. Bg5
h6 9. Bxf6 Bxf6 10. Bb5 Bd7 11. Nfd2 Qe7 12. Qh5+ Qf7 13. Qxf7+ Kxf7 14. Na3
Rhe8 15. O-O-O a6 16. Bd3 e5 17. dxe5 Nxe5 18. Be2 Re7 19. f4 Ng4 20. Bxg4 Bxg4
21. Rde1 Rae8 22. Rxe7+ Rxe7 23. h4 Re2 24. Nc2 c5 25. Re1 d4 26. cxd4 cxd4 27.
Kd1 Rg2+ 28. Kc1 d3 29. Ne3 Rxg3 30. Nd5 Bxh4 31. Re4 Rg1+ 32. Nf1 Rxf1+ 33. Kd2
Bf5 34. Rc4 Rf2+ 35. Kc3 Bf6+ 36. Nxf6 Kxf6 37. Rd4 Rc2+ 38. Kb3 g5 39. a4 g4
40. Rd6+ Be6+ 41. Ka3 d2 42. b3 g3 43. Kb4 g2 44. f5 Kxf5 45. Rxd2 Rxd2 46. Kc3
Rd5 47. Kc4 g1=Q 48. Kb4 Qc5# 0-1

[Event "AUTO-ADV-181"]
[Site "http://www.queenalice.com/game.php?id=73556"]
[Date "2006.6.1"]
[Round "1"]
[White "HenryLee"]
[Black "Queenjl"]
[Result "1-0"]
[WhiteElo "1675"]
[BlackElo "1193"]

1. c4 e5 2. Nc3 c6 3. Nf3 Nf6 4. Nxe5 Bc5 5. d4 Be7 6. Qb3 d6 7. Nf3 d5 8. e3
Ne4 9. Bd3 Bf5 10. Bxe4 dxe4 11. Nd2 O-O 12. Qxb7 1-0

[Event "AUTO-ADV-181"]
[Site "http://www.queenalice.com/game.php?id=73557"]
[Date "2006.6.1"]
[Round "1"]
[White "Queenjl"]
[Black "HenryLee"]
[Result "0-1"]
[WhiteElo "1193"]
[BlackElo "1675"]

1. e4 e5 2. c3 Nf6 3. Nf3 Nc6 4. d4 Nxe4 5. dxe5 Bc5 6. Bg5 Nxg5 7. Nxg5 Qxg5 8.
Qd5 Qxe5+ 9. Qxe5+ Nxe5 10. Bc4 Nxc4 0-1

[Event "Challenge"]
[Site "http://www.queenalice.com/game.php?id=73642"]
[Date "2006.6.1"]
[Round "-"]
[White "HenryLee"]
[Black "franzjonas"]
[Result "1-0"]
[WhiteElo "1665"]
[BlackElo "1792"]

1. c4 e5 2. Nc3 Nc6 3. Nf3 Nf6 4. a3 d6 5. h3 Be7 6. d4 exd4 7. Nxd4 Nxd4 8.
Qxd4 O-O 9. e4 Be6 10. Bf4 c5 11. Qe3 Nh5 12. Rd1 Qb6 13. Nb5 Nxf4 14. Qxf4 Rad8
15. Be2 a6 16. Nc3 Qxb2 17. Qc1 Qxc1 18. Rxc1 Bg5 19. Rb1 Bf6 20. Na4 Bd7 21.
Nb6 Bc3+ 22. Kd1 Bc6 23. f3 Rfe8 24. Kc2 Ba5 25. Nd5 f5 26. Bd3 fxe4 27. Bxe4
Rb8 28. Rb2 b5 29. Rhb1 Re5 30. Nf6+ gxf6 31. Bxc6 Re2+ 32. Kc1 Rxb2 33. Rxb2
Bc3 34. Rb1 b4 35. axb4 Rxb4 36. Kc2 Kg7 37. g4 a5 38. Rb3 Bd4 39. Bd5 a4 40.
Ra3 Bb2 41. Re3 Kh8 42. Re8+ Kg7 43. Rg8+ Kh6 44. f4 a3 45. Bf7 Rxc4+ 46. Bxc4
f5 47. gxf5 Kh5 48. Rg4 Kh6 49. Kb3 Kh5 50. Bf7+ Kh6 51. Rg8 Bc1 52. f6 Bb2 53.
Rd8 Bxf6 54. Rxd6 Kg7 55. Be6 Bb2 56. f5 Kh8 57. Rc6 Bd4 58. Kxa3 h5 59. Bd5 Be3
60. Rg6 Bc1+ 61. Kb3 Kh7 62. Bg8+ Kh8 63. f6 Bh6 64. Rxh6+ Kxg8 65. Kc4 Kf7 66.
Kxc5 Ke6 67. h4 Kf7 68. Kd6 Kg8 69. Ke6 1-0

[Event "Challenge"]
[Site "http://www.queenalice.com/game.php?id=73643"]
[Date "2006.6.1"]
[Round "-"]
[White "HenryLee"]
[Black "pitzenj"]
[Result "1-0"]
[WhiteElo "1660"]
[BlackElo "1500"]

1. c4 c5 2. Nc3 d6 3. Nf3 Nf6 4. d4 cxd4 5. Nxd4 e5 6. Nf3 Be6 7. e4 Nc6 8. Bg5
Be7 9. Be2 a6 10. a3 b5 11. cxb5 axb5 12. Bxb5 Qc7 13. Rc1 O-O 14. Bxf6 Bxf6 15.
Nd5 Qa5+ 16. b4 Qxb5 17. Nc7 Qb6 18. Nxa8 Rxa8 19. Qxd6 Rxa3 20. O-O Be7 21.
Qxc6 Qxb4 22. Nxe5 f6 23. Qxe6+ Kf8 24. Qf7# 1-0

[Event "AUTO-ADV-181"]
[Site "http://www.queenalice.com/game.php?id=97025"]
[Date "2006.8.18"]
[Round "2"]
[White "DaniEu10"]
[Black "HenryLee"]
[Result "0-1"]
[WhiteElo "1638"]
[BlackElo "1737"]

1. e4 e5 2. Nf3 Nc6 3. Bc4 Nf6 4. d3 Bb4+ 5. c3 Ba5 6. Ng5 O-O 7. b4 Bb6 8. d4
exd4 9. b5 Ne5 10. Bd3 dxc3 11. Nxc3 Ba5 12. Bb2 d5 13. O-O d4 14. Nd5 Nxd5 15.
exd5 Nxd3 16. Qxd3 Qxg5 17. Qxd4 Bd7 18. h4 Qg6 19. h5 Qg5 20. d6 cxd6 21. Qxd6
Bxb5 22. Rfd1 Bc6 23. g3 Qxh5 24. Kf1 Qh1+ 25. Ke2 Bf3+ 26. Ke3 Bxd1 27. Rxd1
Qg2 28. Ba3 Rfe8+ 29. Kf4 Qxf2+ 30. Kg4 Rad8 31. Qc5 Qxc5 32. Rxd8 Qc4+ 0-1

[Event "AUTO-ADV-181"]
[Site "http://www.queenalice.com/game.php?id=97026"]
[Date "2006.8.18"]
[Round "2"]
[White "HenryLee"]
[Black "DaniEu10"]
[Result "1-0"]
[WhiteElo "1749"]
[BlackElo "1626"]

1. c4 c6 2. d4 d5 3. e3 Nf6 4. Be2 Bf5 5. Nc3 Ne4 6. Qb3 b6 7. cxd5 cxd5 8. Qxd5
Qxd5 9. Nxd5 Kd8 10. Nf3 e6 11. Ne5 Ng5 12. Nc3 f6 13. e4 Nxe4 14. Nf7+ Ke8 15.
Nxh8 Bb4 16. Bd2 Nc6 17. Bb5 Kd7 18. Nxe4 Bxd2+ 19. Nxd2 Rxh8 20. Rc1 Rc8 21.
O-O a6 22. Bxa6 Rc7 23. Bb5 Kd6 24. Rxc6+ Rxc6 25. Bxc6 Kxc6 26. Rc1+ Kd5 27.
Nb3 e5 28. dxe5 fxe5 29. Rd1+ Ke6 30. Rd8 b5 31. Rb8 Kd5 32. Rxb5+ Ke4 33. Nd2+
1-0

[Event "AUTO-ADV-181"]
[Site "http://www.queenalice.com/game.php?id=97029"]
[Date "2006.8.18"]
[Round "2"]
[White "kame_84"]
[Black "HenryLee"]
[Result "0-1"]
[WhiteElo "1696"]
[BlackElo "1686"]

1. e4 e5 2. Nf3 Nc6 3. Bb5 Nf6 4. Bxc6 bxc6 5. Nxe5 Nxe4 6. Qe2 d5 7. d3 Qf6 8.
Nxc6 Qxc6 9. dxe4 dxe4 10. Nc3 Bb7 11. Qg4 g6 12. O-O f5 13. Qg3 Bd6 14. Bf4
O-O-O 15. Rad1 Bxf4 16. Qxf4 e3 17. f3 Qb6 18. b3 e2+ 19. Kh1 exd1=Q 20. Nxd1
Rd4 21. Qe5 Rhd8 22. Nb2 Qd6 23. Qe1 Rd2 24. Nc4 Qd4 25. Nxd2 Qxd2 26. Qe6+ Kb8
27. h3 Bc8 28. Qe7 Rd7 29. Qb4+ Qxb4 0-1

[Event "AUTO-ADV-181"]
[Site "http://www.queenalice.com/game.php?id=97030"]
[Date "2006.8.18"]
[Round "2"]
[White "HenryLee"]
[Black "kame_84"]
[Result "1-0"]
[WhiteElo "1702"]
[BlackElo "1680"]

1. c4 Nf6 2. Nc3 e6 3. a3 d5 4. d4 Bd6 5. Nf3 O-O 6. Bg5 c6 7. e4 Nbd7 8. e5 Be7
9. exf6 Bxf6 10. Bxf6 Nxf6 11. Be2 a6 12. Ne5 b5 13. Nxc6 Qc7 14. cxb5 axb5 15.
Bxb5 Ba6 16. Ne5 Rab8 17. Bxa6 Rxb2 18. Rc1 Qa5 19. Qa4 Qc7 20. Qc6 Qb8 21. O-O
Rb6 22. Qa4 Qa7 23. Bb5 Qb7 24. Bc6 Qc7 25. Nb5 Qb8 26. Rb1 Rc8 27. Rfc1 Rc7 28.
Rb4 Qc8 29. Nxc7 Qxc7 30. Qa8+ 1-0

[Event "AUTO-ADV-181"]
[Site "http://www.queenalice.com/game.php?id=97031"]
[Date "2006.8.18"]
[Round "2"]
[White "Viper_SB"]
[Black "HenryLee"]
[Result "0-1"]
[WhiteElo "1670"]
[BlackElo "1723"]

1. e4 e5 2. Bc4 Nf6 3. d3 h6 4. Nf3 Nc6 5. c3 d5 6. Bb5 Bd6 7. O-O Bd7 8. c4
dxe4 9. dxe4 Nxe4 10. Nbd2 Nf6 11. a3 a6 12. Bxc6 Bxc6 13. b4 e4 14. Nd4 Qd7 15.
Nxc6 Qxc6 16. c5 Be5 17. Ra2 O-O-O 18. Bb2 Bf4 19. Bxf6 Qxf6 20. Nxe4 Rxd1 21.
Nxf6 Rxf1+ 22. Kxf1 gxf6 23. g3 Bc1 24. Re2 Bxa3 25. Re4 Rd8 26. Ke2 Rd5 27. f4
Kd7 28. Kf3 f5 29. Rc4 Kc6 30. g4 Kb5 31. Rc2 Bxb4 32. gxf5 Rxc5 33. Re2 Rxf5
34. Kg4 Rd5 35. h4 h5+ 36. Kf3 f5 37. Re5 Kc6 38. Re6+ Rd6 39. Rxd6+ Bxd6 40.
Ke3 b5 41. Kd4 Bxf4 0-1

[Event "AUTO-ADV-181"]
[Site "http://www.queenalice.com/game.php?id=97032"]
[Date "2006.8.18"]
[Round "2"]
[White "HenryLee"]
[Black "Viper_SB"]
[Result "0-1"]
[WhiteElo "1760"]
[BlackElo "1625"]

1. c4 e5 2. e3 d6 3. Nc3 Be7 4. Nf3 Nf6 5. h3 Be6 6. d4 e4 7. Nd2 c5 8. Ndxe4
Nc6 9. Nxf6+ Bxf6 10. d5 Bf5 11. dxc6 bxc6 12. g4 Be6 13. Bg2 Rc8 14. O-O O-O
15. Qc2 Bxc4 16. Re1 Bh4 17. Qa4 d5 18. Qxa7 Qf6 19. f4 Bxe1 20. e4 Bxc3 21. e5
Bd4+ 22. Kh2 Qh4 23. Bd2 Qf2 24. Rd1 Be3 25. Bxe3 Qxe3 26. Kh1 Qxf4 27. b3 Be2
28. Re1 Bf3 29. Rf1 Bxg2+ 30. Kxg2 Qxe5 31. Qxc5 Qb2+ 32. Rf2 Qb1 33. Qc3 Qe4+
34. Rf3 h6 35. a4 Rfe8 36. Kg3 d4 37. Qc4 Qe5+ 38. Rf4 Qe1+ 39. Rf2 Re3+ 40. Kg2
Rc7 41. Qxd4 Re8 42. Qf4 Qe4+ 43. Rf3 Qxf4 44. Rxf4 Re3 45. b4 Rd7 46. Rf2 Rb3
47. a5 Ra3 48. Rc2 g5 49. Kf2 Rd4 50. Ke2 Rxb4 0-1

[Event "AUTO-OPEN-279"]
[Site "http://www.queenalice.com/game.php?id=104400"]
[Date "2006.9.10"]
[Round "2"]
[White "miguelvidal"]
[Black "HenryLee"]
[Result "1-0"]
[WhiteElo "2021"]
[BlackElo "1735"]

1. c4 e6 2. Nc3 Nf6 3. e4 Nc6 4. Nf3 Bb4 5. e5 Bxc3 6. bxc3 Ne4 7. d3 Nc5 8. d4
Ne4 9. Bd3 d5 10. Qc2 f6 11. exf6 Nxf6 12. Ba3 Ne7 13. cxd5 exd5 14. Qe2 Bg4 15.
O-O Ne4 16. Bxe4 dxe4 17. Qxe4 Bxf3 18. Qxf3 Qd5 19. Rfe1 O-O-O 20. Rxe7 Qxf3
21. gxf3 g6 22. Rae1 Rd7 23. Rxd7 Kxd7 24. Re7+ Kd8 25. d5 1-0

[Event "AUTO-OPEN-279"]
[Site "http://www.queenalice.com/game.php?id=104401"]
[Date "2006.9.10"]
[Round "2"]
[White "HenryLee"]
[Black "miguelvidal"]
[Result "0-1"]
[WhiteElo "1740"]
[BlackElo "2016"]

1. c4 e5 2. Nc3 d6 3. Nf3 f5 4. d4 e4 5. Bg5 Nf6 6. e3 exf3 7. Qxf3 Nc6 8. Bd3
Be7 9. Bxf5 O-O 10. Bxc8 Qxc8 11. Qg3 Qf5 12. O-O Nh5 13. Qh4 Qxg5 14. Qe4 Nf6
15. Qc2 Kh8 16. a3 Qh5 17. h3 d5 18. c5 Rac8 19. Rae1 a6 20. b4 Qe8 21. Re2 h6
22. g4 Qd7 23. f4 Rcd8 24. Rd1 Na7 0-1

[Event "AUTO-OPEN-279"]
[Site "http://www.queenalice.com/game.php?id=104412"]
[Date "2006.9.10"]
[Round "2"]
[White "HenryLee"]
[Black "csadler"]
[Result "1/2-1/2"]
[WhiteElo "1739"]
[BlackElo "1809"]

1. c4 f5 2. d4 Nf6 3. Nc3 e6 4. Nf3 Bb4 5. Qc2 O-O 6. Bg5 b6 7. a3 Bxc3+ 8. Qxc3
Ne4 9. Bxd8 Nxc3 10. Bxc7 Ne4 11. Be5 Bb7 12. e3 Nc6 13. Be2 Rac8 14. O-O Nxe5
15. Nxe5 d6 16. Nf3 g5 17. Rad1 g4 18. Nd2 d5 19. Nxe4 dxe4 20. f3 exf3 21. gxf3
gxf3 22. Bxf3 Bxf3 23. Rxf3 Rxc4 1/2-1/2

[Event "AUTO-OPEN-279"]
[Site "http://www.queenalice.com/game.php?id=104413"]
[Date "2006.9.10"]
[Round "2"]
[White "csadler"]
[Black "HenryLee"]
[Result "1/2-1/2"]
[WhiteElo "1692"]
[BlackElo "1742"]

1. d4 d5 2. c4 e6 3. Nc3 Bb4 4. Qc2 Nc6 5. Nf3 Nf6 6. Bg5 h6 7. Bh4 g5 8. Bg3
Ne4 9. cxd5 exd5 10. e3 Bf5 11. Bd3 Qe7 12. O-O Bxc3 13. bxc3 Nxg3 14. hxg3 Bxd3
15. Qxd3 O-O-O 16. a4 Na5 17. Ne5 Rhf8 18. Rfb1 a6 19. c4 dxc4 20. Nxc4 Nc6 21.
Qf5+ Qe6 22. Qxe6+ fxe6 23. a5 Rd5 24. Rc1 Kb8 25. Rc2 Rc8 26. Rb1 Nxa5 27. Ne5
c5 28. Ra2 c4 29. Kf1 Nb3 30. Nxc4 Rxc4 31. Rxb3 Ka7 32. Ke2 1/2-1/2